000 00502nam a2200193Ia 4500
003 GCL
008 140319s9999 xx 000 0 eng d
040 _aGCL /
_cGCL
082 0 4 _a547.1
_bT A
100 1 _aTYAGI, O.D.
245 1 0 _aA TEXTBOOK OF ORGANIC REACTION MECHANISM /
_cTYAGI, O.D.
700 1 _aYADAV, M.
260 _a[S.N] :
_bANIMAL PUBLICATIONS ،
_c1993
300 _a430 P
650 0 4 _aDYNAMICS
650 0 4 _aORGANIC CHEMISTRY
650 0 4 _aMECHANICS ANALYTIC
942 _2ddc
_cBK
999 _c20582
_d20582